Normal view
MARC view
- USLAR PIETRI, ARTURO,
Entry Nombre Personal
001 - NUMERO DE CONTROL
- campo de control: 10318
003 - IDENTIFICADOR DE NUMERO DE CONTROL
- campo de control: UPN
005 - FECHA Y HORA DE LA ÜLTIMA TRANSACCIÓN
- campo de control: 20210219193744.0
008 - DATOS DE LONGITUD FIJA
- campo de control de longitud fija: nabaccnnaabn|||||||||| b |nc|||||d
035 ## - NUMERO DE CONTROL
- Número de control: UPN10000010325
040 ## - FUENTE DE CATALOGACIÓN
- Lenguaje de catalogación: SPA
- Agencia de transcripción: UPN
100 1# - ENCABEZAMIENTO - NOMBRE PERSONAL
- Nombre personal: USLAR PIETRI, ARTURO,
- Fechas asociadas con el nombre: 1906-2001 -
- Subdivisión temática general : CRITICA E INTERPRETACION
670 ## - FUENTE EN LA QUE SE LOCALIZARON DATOS
- Cita de la fuente: T/P
- Información localizada: Salvat universal y http://es.wikipedia.org/wiki/Arturo_Uslar_Pietri
902 ## - CATALOGADOR
- Catalogador: MMA/010300
